000 02203nam a2200373 a 4500
001 ebr10217845
003 CaPaEBR
006 m u
007 cr cn|||||||||
008 071025s2008 enk sb 001 0 eng
010 _z 2007043995
015 _aGBA793033
_2bnb
016 7 _z014341766
_2Uk
020 _z9780749448172 (cloth)
020 _z0749448172 (cloth)
040 _aCaPaEBR
_cCaPaEBR
035 _a(OCoLC)213295576
043 _ae-uk---
050 1 4 _aK1327
_b.C35 2008eb
082 0 4 _a346/.0664
_222
100 1 _aCalder, Alan,
_d1957-
245 1 0 _aCorporate governance
_h[electronic resource] :
_ba practical guide to the legal frameworks and international codes of practice /
_cAlan Calder.
260 _aLondon ;
_aPhiladelphia :
_bKogan Page,
_c2008.
300 _avi, 282 p.
504 _aIncludes bibliographical references and index.
505 0 _aCorporate governance : the historical background -- Corporate governance in the United States -- Corporate governance in the European Union -- Corporate governance in the United Kingdom : the statutory framework -- Corporate governance in the United Kingdom : the non-statutory framework -- The listing rules and the combined code on corporate governance -- Duties of directors -- The board -- The company secretary -- Directors' remuneration -- The combined code and financial reporting -- Risk management -- Internal control and the Turnbull guidance -- The audit and auditors -- The audit committee -- Relations with shareholders -- Corporate governance in the UK public sector -- IT governance -- Corporate social responsibility.
533 _aElectronic reproduction.
_bPalo Alto, Calif. :
_cebrary,
_d2013.
_nAvailable via World Wide Web.
_nAccess may be limited to ebrary affiliated libraries.
650 0 _aCorporate governance
_xLaw and legislation.
650 0 _aInternational business enterprises
_xLaw and legislation.
650 0 _aCorporate governance
_xLaw and legislation
_zGreat Britain.
655 7 _aElectronic books.
_2local
710 2 _aebrary, Inc.
856 4 0 _uhttp://site.ebrary.com/lib/rucke/Doc?id=10217845
_zAn electronic book accessible through the World Wide Web; click to view
999 _c231940
_d231940